| 000 | 00751pam a2200241 a 4500 | ||
|---|---|---|---|
| 001 | 3543144 | ||
| 005 | 20180823041539.0 | ||
| 008 | 970512s1998 nyua b 001 0 eng c | ||
| 010 | _a 97021696 | ||
| 020 | _a0471111228 (cloth : alk. paper) | ||
| 040 |
_aDNLM/DLC _cDLC _dDLC |
||
| 041 | _aeng | ||
| 060 | 1 | 0 | _aWM 100 D265a 1997 |
| 080 | _a616.89 | ||
| 082 | 0 | 0 |
_a616.89 _221 |
| 100 | 1 | _a46 | |
| 101 | _aPSI | ||
| 245 | 1 | 0 |
_aAbnormal psychology / _cGerald C. Davison, John M. Neale. |
| 504 | _aIncludes bibliographical references and indexes. | ||
| 906 |
_a7 _bcbc _corignew _d1 _eocip _f19 _gy-gencatlg |
||
| 942 |
_2ddc _cBK |
||
| 999 |
_c47262 _d47262 |
||